000 00474nam a22001937a 4500
003 MPLRDC
005 20220104145118.0
008 210129b ||||| |||| 00| 0 eng d
020 _a7-80632-331-7
082 _a415.271 LY
100 _a李毓、陈宁编著
245 _a从生活中防治癌症
_c
250 _a初版
260 _a
_b广东经济出版社
_c1998
300 _b
490 _a随身保健丛书
650 _a癌症
942 _cBK
_o415.271 LY
999 _c51141
_d51131